Centroamérica: más allá de la crisis

Guardat en:
Dades bibliogràfiques
Autor principal: Castillo Rivas, Donald
Format: Desconegut
Publicat: México D. F.: Ediciones SIAP
Etiquetes: Afegir etiqueta
Sense etiquetes, Sigues el primer a etiquetar aquest registre!

MARC

LEADER 00000 a2200000 04500
001 15220
003
008 991231s d
040
090 |a EXTRAVIADO  
100 |a Castillo Rivas, Donald  
245 |a Centroamérica: más allá de la crisis  
260 |a México D. F.:   |b Ediciones SIAP  
999 |c 1122  |d 1122